000
00289nam a2200109Ia 4500
008
230907s9999||||xx |||||||||||||| ||und||
082
_a
650.01513
_b
DEI
245
0
_a
Contemporary business mathematics for colleges /
260
_a
Cengage,
_b
Boston :
_c
2016
300
_a
528 p.
942
_c
BK
999
_c
600929
_d
600929